Sections of Castle Peak Road Quiz Stats

Quiz not verified by Sporcle

Also try: Capital Trip
Challenge
Share
Tweet
Embed
Score 0/22 Timer 15:00
0 Plays Today
Start Section % Correct
Tai Po RoadCastle Peak Road
80%
Texaco RoadTsuen Wan
80%
Butterfly Valley InterchangeKwai Chung
70%
Greenview Terrace, Yau Kom TauTing Kau
70%
Airport Core Programme Exhibition Centre, Gemini BeachSham Tseng
60%
Sea Crest Villa RoundaboutTsing Lung Tau
60%
Tsuen Wan/Tuen Mun district borderTai Lam
60%
Kwun Tsing RoadCastle Peak Bay
60%
Pui To RoadSan Hui
60%
Shun Tat StreetHung Shui Kiu
60%
Ma Miu RoadYuen Long
60%
Start Section % Correct
Castle Peak Road - Ting KauNew Ting Kau
50%
Tuen Mun Road Interchange / Castle Peak Road - Tai LamNew Tai Lam
50%
Tsing Lung RoadSo Kwun Wat
50%
Lam Tei InterchangeLam Tei
50%
Hung Tin RoadPing Shan
50%
Ho Sheung Heung RoadKwu Tung
50%
Siu Hong Station (South)Lingnan
40%
Tam Kon Chau RoadSan Tin
40%
Yau Pok RoadMai Po
30%
Lok Ma Chau RoadChau Tau
10%
Au Tau InterchangeTam Mi
0%

You're not logged in!

Compare scores with friends on all Sporcle quizzes.
Join for Free
OR
Log In

You Might Also Like...

Show Comments

Extras

Created May 15, 2017ReportNominate
Tags:castle, Hong Kong, peak, road, section

Top Quizzes Today


Score Distribution

Your Account Isn't Verified!

In order to create a playlist on Sporcle, you need to verify the email address you used during registration. Go to your Sporcle Settings to finish the process.

Report this User

Report this user for behavior that violates our Community Guidelines.

Details: